O Canada (Francais) - Statistiques

Statistiques générales
  • Ce quiz a été pris 19 fois
  • Le résultat moyen est 34 sur 51
Statistiques - réponses
Answer % Correct
Canada
94%
De
94%
De
94%
De
94%
O
94%
Est
89%
Est
89%
Ton
89%
Ton
89%
Ton
89%
Nos
83%
Nos
83%
Nos
83%
Nos
83%
Nos
83%
Terre
83%
Croix
72%
Epopee
72%
Front
72%
Glorieux
72%
Histoire
72%
Il
72%
La
72%
Une
72%
Bras
67%
Des
67%
L'epee
67%
Porter
67%
Porter
67%
Car
61%
Ceint
61%
Et
61%
Et
61%
Et
61%
Fleurons
61%
Plus
61%
Sait
61%
Sait
61%
Aieux
56%
Brillants
56%
Exploits
56%
Foi
50%
Ta
50%
Valeur
44%
Protegera
39%
Protegera
39%
Trempee
39%
Droit
33%
Foyers
33%
Foyers
33%
Droits
28%
Aucun quiz correspondant
Distribution des résultats
% des personnes avec chaque résultat
Percentile par nombre de réponses
Votre historique - résultats
Vous n’avez pas pris ce quiz